Szczegóły MARC21

Słownik idiomów amerykańskich dla Polaków = Essential American idioms for Polish speakers /

003 -Nazwa inst., której nr kontr. jest w polu 001 [,]
    • @
    • Nazwa instytucji, której n kontrolny jest w polu 001
    • NUKAT
005 -DATA I CZAS OSTATNIEJ MODYFIKACJI [,]
    • @
    • pole kontrolne
    • 20241231094236.0
020 -Międzynarod. znormalizowany nr książki - ISBN [ , ]
    • a
    • Numer ISBN
    • 0844242071 Find
    • q
    • Dopowiedzenie
    • paper
040 -Instytucja sporządzająca opis [ , ]
    • a
    • Instytucja, która sporządziła opis (NP)
    • WA M/MM
    • c
    • Instytucja, która sporządziła rekord (NP)
    • WA M/MM
    • d
    • Instytucja, która zmodyfikowała rekord (P)
    • WA M/IW
    • d
    • Instytucja, która zmodyfikowała rekord (P)
    • WR O/KSs
041 -Język dokumentu [0, ]
    • a
    • Język tekstu (P)
    • angielski
    • a
    • Język tekstu (P)
    • polski
942 -Rodzaj dokumentu [ , ]
    • c
    • Rodzaj dokumentu
    • Książka
100 -Hasło główne - nazwa osobowa [1, ]
    • a
    • Nazwa osobowa (NP)
    • Spears, Richard A.
    • 9
    • KHW
    • 642537
245 -Strefa tytułu i oznaczenia odpowiedzialności [1,0]
    • a
    • Tytuł
    • Słownik idiomów amerykańskich dla Polaków = Find
    • b
    • Ciąg dalszy tytułu (NP)
    • Essential American idioms for Polish speakers / Find
    • c
    • Pozostałe elementy strefy tytułu i oznaczenia odpowiedzialności (NP)
    • Richard A. Spears ; Ewa Niezgoda Pol. ed.
246 -Wariant tytułu [3,1]
    • a
    • Tytuł (NP)
    • Essential American idioms for Polish speakers
260 -Strefa adresu wydawniczego [ , ]
    • a
    • Miejsce wydania (P)
    • Lincolnwood :
    • b
    • Nazwa wydawcy (P)
    • NTC Publishing Group,
    • c
    • Data wydania (P)
    • 1997.
300 -Strefa opisu fizycznego [ , ]
    • a
    • Określenie formy książki i/lub objętość (NP)
    • 247 s. ;
    • c
    • Format (NP)
    • 23 cm.
336 -Typ zawartości [ , ]
    • a
    • Termin opisujący typ zawartości
    • Tekst
    • b
    • Kod określający zawartość
    • txt
    • 2
    • Źródło (terminu i kodu)
    • rdacontent
337 -Typ mediów [ , ]
    • a
    • Tryb odtwarzania
    • Bez urządzenia pośredniczącego
    • b
    • Kod typu mediów
    • n
    • 2
    • Źródło (terminu i kodu)
    • rdamedia
338 -Typ/rodzaj nośnika [ , ]
    • a
    • Hasło opisujące typ nośnika
    • Wolumin
    • b
    • Kod typu nośnika
    • nc
    • 2
    • Źródło (terminu i kodu)
    • rdacarrier
490 -Strefa serii i książki wielotomowej - forma nie do wyszukiwania [1, ]
    • a
    • Tytuł (P)
    • NTC English-Language References Find
830 -Hasło dodatkowe serii i opisu książki wielotomowej - tytuł ujednolicony/tytuł [ ,0]
    • a
    • Tytuł ujednolicony/tytuł (NP)
    • NTC English-Language References
    • 9
    • KHW
    • 644878
080 -Uniwersalna Klasyfikacja Dziesiętna [ , ]
    • a
    • Symbol klasyfikacji
    • 802.0(73)-318(038)
650 -Hasło przedmiotowe [ ,7]
    • a
    • Hasło przedmiotowe
    • Amerykanizmy
    • v
    • Określnik formalny
    • słowniki polskie.
    • 2
    • Źródło terminu
    • kaba
    • 9
    • KHW
    • 644963
980 -Symbol UKD [ , ]
    • a
    • UKD
    • 802.0(73)-318(038)
700 -Hasło dodatkowe - nazwa osobowa [1, ]
    • a
    • Nazwa osobowa (NP)
    • Niezgoda, Ewa. Find
    • e
    • Określenie rodzaju współpracy
    • Red.
    • 9
    • KHW
    • 95839
920 -ISBN [ , ]
    • a
    • ISBN
    • 0-8442-4207-1 Find
    • q
    • Dopowiedzenie
    • paper
Sygnatura Status udost. Numer inwentarzowy Lokalizacja Data inwentaryzacji
ANG. Słowniki idiomów 051A.5353BM1998-12-04